00381nam a2200157Ia 450000500170000000800410001702000150005805000210007310000180009424500250011226000320013730000330016944000060020252100070020852600080021520140403135517.0140130s9999 xx 000 0 und d a0439686180 aPZ 7b.H389 2004 aHenkes, Kevin cKevin HenkesaOwen / bScholastic,c2004.aU.S.A : a22 p. :bcol. ill. ;c24 cm. v1 aG2 c370